000 006330000a22001930004500
020 _a84-7530-513-X
041 0 _aSPA
082 0 4 _aG 811.5 E427a
100 1 _aEliot, T. S. (1888-1965)
245 1 0 _aAsesinato en la catedral. Cuatro cuartetos. La tierra baldía / T. S. Eliot ; Fernando Gutiérrez, José María Valverde, Traductores
260 _aMadrid : Orbis
300 _a155 Pag
500 _aTítulo original : Mourder in the cathedral. Four quartets. The waste land
001 13100
942 _cBK
999 _c42092
_d42092
336 _atexto
_btxt
_2rdacontent
337 _2rdamedia
_asin mediación
_bn
338 _2rdacarrier
_avolumen
_bnc